Movies Quiz

Random Movies or Actress Quiz

Three Movies: 'N' & 'O' Actors Quiz Stats

 Plays Quiz Updated Jun 11, 2018

Challenge
Share
Tweet
Embed
Score 0/30 Timer 07:00
0 Plays Today
% Correct
Nicholson, Jack
93.6%
Neeson, Liam
92.6%
Norton, Edward
89.5%
Osment, Haley Joel
86.4%
Nielsen, Leslie
85.6%
Neill, Sam
82.3%
Newman, Paul
81.5%
O'Donnell, Chris
79.7%
O'Donnell, Rosie
79.7%
Nelson, Judd
79.3%
Norris, Chuck
78.4%
Oldman, Gary
77.1%
Nixon, Cynthia
76.3%
Nolte, Nick
75.7%
Nyong'o, Lupita
74.6%
% Correct
Owen, Clive
71.7%
Nielsen, Brigitte
68.9%
Nelson, Craig T.
68.7%
Nighy, Bill
66.9%
O'Toole, Peter
65.8%
O'Neal, Ryan
63.8%
O'Connell, Jerry
62.8%
Olivier, Laurence
61.6%
Olsen, Elizabeth
58.3%
Olmos, Edward James
58%
Novak, Kim
57.4%
Olyphant, Timothy
52%
O'Neill, Ed
47%
Niven, David
42.8%
Nielsen, Connie
37.1%

You're not logged in!

Compare scores with friends on all Sporcle quizzes.
Join for Free
OR
Log In

You Might Also Like...

Show Comments

Extras

Top Quizzes Today


Score Distribution

Your Account Isn't Verified!

In order to create a playlist on Sporcle, you need to verify the email address you used during registration. Go to your Sporcle Settings to finish the process.

Report this User

Report this user for behavior that violates our Community Guidelines.

Details: